000 00539nam a2200193 i 4500
001 98005
003 ES-MaACL
005 20230906182211.0
007 t|
008 050721s1986 sp a |||| | spa d
020 _a84-7114-120-5
100 1 _aMaroto Borrego, J. V.
_976963
245 1 0 _aHorticultura herbácea especial /
_cJ. V. Maroto Borrego.
250 _a2ª ed. rev. y ampl.
260 _aMadrid :
_bMundi-Prensa,
_c1986.
300 _a585 p. :
_bil. ;
_c24 cm.
650 0 4 _aHorticultura.
_913480
852 _aES-MaACL
_jL-11633
999 _c98005
_d98005